Municipios de Tarragona - Estadísticas

Estadísticas generales
  • Esta prueba ha sido intentada 224 veces
  • La puntuación promedio es 41 de 184
Estadísticas de respuestas
Comarca Población Municipio % Correcto
Tarragonès 134.515 Tarragona
99%
Baix Camp 104.373 Reus
94%
Baix Camp 33.898 Cambrils
83%
Tarragonès 27.476 Salou
83%
Baix Ebre 33.372 Tortosa
83%
Montsià 20.738 Amposta
79%
Baix Penedès 37.606 El Vendrell
71%
Alt Camp 24.359 Valls
70%
Tarragonès 16.184 Torredembarra
68%
Tarragonès 22.187 Vila-Seca
60%
Conca de Barberà 7.364 Montblanc
56%
Baix Penedès 26.538 Calafell
55%
Montsià 14.789 Sant Carles de la Ràpita
53%
Tarragonès 5.243 Altafulla
52%
Baix Penedès 12.952 Cunit
50%
Baix Ebre 11.482 Deltebre
50%
Priorat 2.834 Falset
46%
Ribera d'Ebre 5.690 Mora d'Ebre
45%
Montsià 9.418 Alcanar
43%
Baix Ebre 3.205 l'Ampolla
43%
Montsià 6.300 Ulldecona
43%
Ribera d'Ebre 3.408 Flix
42%
Terra Alta 3.064 Gandesa
41%
Baix Ebre 6.787 l'Ametlla de Mar
41%
Ribera d'Ebre 1.660 Ascó
38%
Tarragonès 6.540 Constantí
38%
Ribera d'Ebre 3.087 Móra la Nova
37%
Baix Ebre 4.160 l'Aldea
36%
Baix Camp 12.136 Mont-Roig del Camp
34%
Montsià 5.681 La Sénia
33%
Baix Camp 6.594 Riudoms
33%
Alt Camp 5.064 Alcover
32%
Baix Ebre 2.770 El Perelló
32%
Ribera d'Ebre 691 Miravet
32%
Baix Camp 589 Prades
32%
Terra Alta 573 Bot
31%
Tarragonès 3.904 La Pobla de Mafumet
31%
Tarragonès 5.893 La Canonja
30%
Baix Camp 5.652 La Selva del Camp
30%
Conca de Barberà 3.755 l'Espluga de Francolí
30%
Baix Ebre 7.973 Roquetes
30%
Terra Alta 1.149 Horta de Sant Joan
29%
Ribera d'Ebre 1.602 Tivissa
29%
Tarragonès 3.642 Creixell
28%
Baix Camp 1.124 Riudecanyes
28%
Baix Ebre 1.170 Xerta
28%
Montsià 3.503 Sant Jaume d'Enveja
27%
Tarragonès 3.704 El Morell
26%
Baix Penedès 5.517 l'Arboç
26%
Baix Camp 2.890 Montbrió del Camp
26%
Tarragonès 6.567 Roda de Berà
26%
Baix Penedès 3.528 La Bisbal del Penedès
25%
Montsià 3.707 Santa Bàrbara
25%
Baix Camp 6.482 Vandellòs i l'Hospitalet de l'Infant
25%
Tarragonès 1.687 La Secuita
23%
Baix Camp 2.037 Les Borges del Camp
23%
Baix Camp 1.801 Alforja
22%
Baix Ebre 3.224 Camarles
22%
Alt Camp 492 Nulles
22%
Terra Alta 1.890 Batea
21%
Baix Ebre 739 Benifallet
21%
Tarragonès 1.744 La Riera de Gaià
21%
Ribera d'Ebre 1.126 Riba-Roja d'Ebre
21%
Tarragonès 557 Salomó
21%
Terra Alta 1.017 El Pinell de Brai
20%
Tarragonès 4.777 Els Pallaresos
20%
Tarragonès 4.451 El Catllar
19%
Alt Camp 2.327 El Pla de Santa Maria
19%
Ribera d'Ebre 527 Garcia
19%
Tarragonès 603 La Nou de Gaià
19%
Alt Camp 585 La Riba
19%
Baix Penedès 2.393 Llorenç del Penedès
19%
Priorat 439 Porrera
19%
Baix Penedès 2.622 Sant Jaume dels Domenys
19%
Alt Camp 736 Vilabella
19%
Terra Alta 455 Arnes
18%
Tarragonès 1.261 Perafort
18%
Baix Camp 738 Pratdip
18%
Baix Camp 1.180 Riudecols
18%
Baix Ebre 882 Aldover
17%
Conca de Barberà 473 Barberà de la Conca
17%
Baix Penedès 2.203 Bellvei
17%
Baix Camp 1.068 Botarell
17%
Alt Camp 692 Bràfim
17%
Montsià 575 Godall
17%
Priorat 229 Gratallops
17%
Montsià 731 La Galera
17%
Tarragonès 2.839 La Pobla de Montornès
17%
Ribera d'Ebre 611 La Torre de l'Espanyol
17%
Priorat 594 Marçà
17%
Baix Camp 827 Maspujols
17%
Conca de Barberà 2.673 Santa Coloma de Queralt
17%
Conca de Barberà 1.548 Sarral
17%
Priorat 396 Ulldemolins
17%
Alt Camp 1.756 Vallmoll
17%
Baix Camp 574 Vilaplana
17%
Alt Camp 1.255 Vila-Rodona
17%
Conca de Barberà 452 Vilaverd
17%
Conca de Barberà 892 Vimbodí i Poblet
17%
Baix Camp 1.351 Almoster
16%
Baix Camp 245 Duesaigües
16%
Baix Camp 485 l'Albiol
16%
Montsià 578 Mas de Barberans
16%
Conca de Barberà 112 Vilanova de Prades
16%
Baix Penedès 2.438 Albinyana
15%
Montsià 1.070 Masdenverge
15%
Ribera d'Ebre 1.161 Benissanet
14%
Terra Alta 1.016 Corbera d'Ebre
14%
Baix Camp 873 l'Aleixar
14%
Baix Ebre 556 Paüls
14%
Alt Camp 490 Rodonyà
14%
Baix Penedès 3.320 Santa Oliva
14%
Tarragonès 2.389 Vilallonga del Camp
14%
Ribera d'Ebre 753 Ginestar
13%
Baix Camp 40 La Febró
13%
Alt Camp 1.149 Puigpelat
13%
Tarragonès 157 Renau
13%
Conca de Barberà 48 Senan
13%
Ribera d'Ebre 428 Vinebre
13%
Baix Camp 2.056 Vinyols i els Arcs
13%
Alt Camp 901 Aiguamúrcia
12%
Baix Camp 137 Arbolí
12%
Priorat 280 Bellmunt del Priorat
12%
Conca de Barberà 389 Blancafort
12%
Alt Camp 1.163 Cabra del Camp
12%
Priorat 941 Cornudella de Montsant
12%
Montsià 346 Freginals
12%
Priorat 941 La Fatarella
12%
Terra Alta 318 La Pobla de Massaluca
12%
Priorat 202 La Vilella Baixa
12%
Alt Camp 162 Mont-Ral
12%
Alt Camp 507 Querol
12%
Ribera d'Ebre 781 Rasquera
12%
Conca de Barberà 633 Solivella
12%
Baix Penedès 3.170 Banyeres del Penedès
11%
Baix Penedès 688 Bonastre
11%
Alt Camp 505 El Pont d'Armentera
11%
Baix Camp 124 l'Argentera
11%
Priorat 135 La Vilella Alta
11%
Baix Penedès 504 Masllorenç
11%
Baix Camp 545 Vilanova d'Escornalbou
11%
Alt Camp 439 Alió
10%
Baix Camp 121 Capafonts
10%
Baix Penedès 1.512 El Montmell
10%
Priorat 270 Els Guiamets
10%
Conca de Barberà 43 Forès
10%
Priorat 216 La Bisbal de Falset
10%
Alt Camp 276 La Masó
10%
Conca de Barberà 493 Pira
10%
Terra Alta 183 Prat de Comte
10%
Tarragonès 410 Vespellà de Gaià
10%
Baix Ebre 377 Alfara de Carles
9%
Baix Camp 176 Colldejou
9%
Alt Camp 178 El Milà
9%
Alt Camp 366 El Rourell
9%
Alt Camp 187 Els Garidells
9%
Alt Camp 320 Figuerola del Camp
9%
Priorat 152 La Morera de Montsant
9%
Ribera d'Ebre 340 La Palma d'Ebre
9%
Conca de Barberà 225 Rocafort de Queralt
9%
Baix Ebre 899 Tivenys
9%
Conca de Barberà 91 Vallfogona de Riucorb
9%
Terra Alta 625 Vilalba dels Arcs
9%
Priorat 398 Capçanes
8%
Conca de Barberà 103 Conesa
8%
Priorat 297 El Molar
8%
Conca de Barberà 212 Les Piles
8%
Priorat 97 Margalef
8%
Alt Camp 387 Montferri
8%
Conca de Barberà 117 Pontils
8%
Terra Alta 259 Caseres
7%
Conca de Barberà 100 Llorac
7%
Priorat 313 Poboleda
7%
Priorat 298 Cabacés
6%
Baix Camp 2.857 Castelvell del Camp
6%
Priorat 107 El Lloar
6%
Priorat 497 El Masroig
6%
Priorat 111 La Figuera
6%
Priorat 138 La Torre de Fontaubella
6%
Priorat 152 Pradell de la Teixeta
6%
Conca de barberà 58 Savallà del Comtat
6%
Priorat 149 Torroja de Priorat
6%
Conca de Barberà 163 Passanant i Belltall
4%
Conca de Barberà 98 Vallclara
3%
No se encontraron pruebas coincidentes
Distribución de puntuación
Porcentaje de gente con cada puntuación
Porcentaje por número respondido
Historial de tus puntuaciones
No has intentado esta prueba.